Menová kríza v Argentíne diplomová práca

Saved in:
Bibliographic Details
Main Author: Kozáková, Alexandra
Corporate Author: Obchodná fakulta EU. Katedra medzinárodného obchodu
Other Authors: Svobodová, Valéria
Format: Book
Language:Slovak
Published: Bratislava 2009
Tags: Add Tag
No Tags, Be the first to tag this record!

MARC

LEADER 00000nam$a2200000$$$4500
001 0100798
005 20240318133717.6
041 0 |a slo 
044 |a SK 
245 1 0 |a Menová kríza v Argentíne  |b diplomová práca  |c Alexandra Kozáková ; škol. Valéria Svobodová 
264 1 |a Bratislava  |c 2009 
300 |a 92 s. 
100 1 |a Kozáková, Alexandra 
700 1 |a Svobodová, Valéria 
710 2 |a Obchodná fakulta EU. Katedra medzinárodného obchodu